Équipes nationales qui ont remporté la Coupe du monde - Statistiques

Statistiques générales
  • Ce quiz a été pris 89 fois
  • Le résultat moyen est 8 sur 8
Statistiques - réponses
Victoires Représentation % Correct
4 Allemagne
100%
3 Argentine
100%
5 Bresil
100%
1 Espagne
100%
2 France
100%
4 Italie
99%
2 Uruguay
96%
1 Angleterre
89%
Aucun quiz correspondant
Distribution des résultats
% des personnes avec chaque résultat
Percentile par nombre de réponses
Votre historique - résultats
Vous n’avez pas pris ce quiz